Electrical circuits; ohms law 17min [DVD video] (Record no. 292757)
[ view plain ]
| 000 -LEADER | |
|---|---|
| fixed length control field | 00408 a2200121 4500 |
| 001 - CONTROL NUMBER | |
| control field | 57684 |
| 090 ## - LOCALLY ASSIGNED LC-TYPE CALL NUMBER (OCLC); LOCAL CALL NUMBER (RLIN) | |
| -- | 35365 |
| -- | 35365 |
| 245 ## - TITLE STATEMENT | |
| Title | Electrical circuits; ohms law 17min [DVD video] |
| 260 ## - PUBLICATION, DISTRIBUTION, ETC. | |
| Place of publication, distribution, etc. | Princeton NJ 08543 |
| Name of publisher, distributor, etc. | Films media group |
| Date of publication, distribution, etc. | 2006 |
| 490 ## - SERIES STATEMENT | |
| Series statement | electricity and electronics |
| 500 ## - GENERAL NOTE | |
| General note | CD/DVD VIDEO |
| 600 ## - SUBJECT ADDED ENTRY--PERSONAL NAME | |
| Personal name | links: films for the huminities & sciences ; cambridge educational ; meridian education |
| 942 ## - ADDED ENTRY ELEMENTS (KOHA) | |
| Institution code [OBSOLETE] | NUST-CAE |
| Call number prefix | 80282 |
| Withdrawn status | Lost status | Damaged status | Not for loan | Collection code | Permanent Location | Current Location | Date acquired | Total Checkouts | Full call number | Barcode | Date last seen | Price effective from | Koha item type |
|---|---|---|---|---|---|---|---|---|---|---|---|---|---|
| College of Aeronautical Engineering (CAE) | College of Aeronautical Engineering (CAE) | 04/03/2017 | 80282 | CAE80282 | 04/05/2017 | 04/05/2017 | Book |
